Guess the Car Model by its Picture - Statistics

General Stats
  • This quiz has been taken 27 times
  • The average score is 4 of 15
Answer Stats
Picture Answer % Correct
Fiat 500
65%
Rolls Royce Cullinan
39%
Aston Martin Valkyrie
35%
Cadillac Escalade
35%
Dodge Challenger SRT Hellcat
35%
Jeep Grand Cherokee
30%
Chevrolet Corvette zr1
26%
Toyota Avensis
22%
Dodge Charger SRT Hellcat
17%
Ferrari F8 Tributo
17%
Dodge Ram Hemi Sport
13%
Jaguar I-Pace
13%
Koenigsegg One:1
13%
Rolls Royce Sweptail
13%
Abarth Spider
4%
No matching quizzes found
Score Distribution
Percent of People with Each Score
Percentile by Number Answered
Your Score History
You have not taken this quiz